| 000 | 00936 a2200217 4500 | ||
|---|---|---|---|
| 001 | 60181 | ||
| 005 | 20260407155853.0 | ||
| 008 | 260407a1992 arg spa d | ||
| 003 | AR-UNSa-BCEJYS | ||
| 040 |
_aAR-UNSa-BCEJYS _bspa _cAR-UNSa-BCEJYS |
||
| 080 |
_a342.41 _xBases de la constitución |
||
| 245 | 1 | 0 |
_aControl de constitucionalidad _pEl proceso y la jurisdicción constitucionales |
| 020 | _a950-569-037-1 | ||
| 264 | 1 |
_aBuenos Aires : _bAbaco de Rodolfo Depalma _c1992 |
|
| 300 |
_a533 p. _c23 cm. |
||
| 505 | _a1. Génesis del control de constitucionalidad - 2. La jurisdicción constitucional y la búsqueda de su legitimidad – 3. Ejercicio del control de constitucionalidad – 4. Límites del control. Los actos no justiciables – 5. Tendencias jurídico- políticas del control de constitucionalidad | ||
| 041 | _aspa | ||
| 942 | _cBK | ||
| 590 | _aniveau_biblio:m niveau_hierar:0 | ||
| 100 | 1 | _aBianchi, Alberto B. | |
| 999 |
_c6891 _d6891 |
||